Baltic Countries and Capitals - Statistics

General Stats
  • This quiz has been taken 115 times
  • The average score is 5 of 6
Answer Stats
Country % Correct
Estonia
98%
Latvia
98%
Lithuania
98%
Riga
87%
Tallinn
87%
Vilnius
79%
No matching quizzes found
Score Distribution
Percent of People with Each Score
Percentile by Number Answered
Your Score History
You have not taken this quiz